000 01118nam a2200289 a 4500
001 000016325
005 20260417174403.0
008 100303s2000 dr a r 000 0 spa d
020 _a9993480908
040 _aDO-SdBNP
_bspa
_cBNPHU
082 _a327.7293
_bM828d, 2000
100 1 _aMorales Lama, Manuel
_92998
245 1 0 _aDiplomacia contemporánea :
_bteoría y práctica para el ejercicio profesional /
_cManuel Morales Lama ; prólogo Benjamín Ruiz Sobero.
250 _a4a. ed.
260 _aSanto Domingo :
_bFundación Antonio M. Lama,
_c2000.
300 _a530 p. :
_bil. ;
_c24 cm.
500 _aIncluye índice analítico
500 _aIncluye referencias bibliográficas y notas al pie de las páginas
504 _aBibliografía : p. 499-512
590 _aInventariado, 2019/MFF
650 0 _aDiplomacia
_9398
650 0 _aDocumentos diplomáticos
_92999
651 4 _aRepública Dominicana
_xServicio Diplomatico Y Consular
_93000
651 4 _aRepública Dominicana
_xRelaciones Exteriores
_92258
700 1 _aRuiz Sobero, Ruiz,
_epról.
_936432
910 _aValidado. Control de calidad MFF
999 _c15860
_d15860